000 01358cam a2200397 a 4500
999 _c127149
_d127149
001 13635422
003 ARRUPE
005 20171025124534.0
008 031010r20042003enk 000 1 eng d
010 _a 2004426561
015 _aGBA3-T4523
020 _a0007176112
035 _a(OCoLC)ocm53822176
040 _aUKM
_cUKM
_dOCLCQ
_dDLC
042 _alccopycat
043 _af-nr---
050 0 0 _aPR-522-1
082 0 0 _a823/.92
_222
100 1 _aAdichie, Chimamanda Ngozi,
_d1977-
_937264
245 1 0 _aPurple hibiscus :
_ba novel /
_cby Chimamanda Ngozi Adichie.
260 _aLondon ;
_bNew York :
_bFourth Estate,
_c2004.
300 _a307 p. ;
_c22 cm.
650 0 _aTeenage girls
_vFiction.
_937265
650 0 _aFathers and daughters
_vFiction.
_937266
650 0 _aReligious fanaticism
_vFiction.
_937267
650 0 _aChildren of the rich
_vFiction.
_91550
650 0 _aBrothers and sisters
_vFiction.
_937268
650 0 _aCoups d'état
_vFiction.
_937269
650 0 _aAunts
_vFiction.
_937270
651 0 _aNigeria
_vFiction.
_937271
655 7 _aDomestic fiction.
_2lcsh
_937272
655 7 _aBildungsromans.
_2gsafd
_99956
655 7 _aLove stories.
_2gsafd
_937273
906 _a7
_bcbc
_ccopycat
_d2
_encip
_f20
_gy-gencatlg
942 _2lcc
_cMONOGRAPH